000 00550nam a2200181Ia 4500
005 20250508154736.0
008 008 250505s9999 xx 000 0 eng d
037 _aTextual
040 _aFEDL
_beng
_cFEDL
041 _aeng
_2eng
084 _a379.111, BEE
_qFEDL
100 _aBeeby C E
245 0 _aPlanning and the educational administrator
260 _aParis, France
_bUnited Nations Educational, Scientific and Cultural Organization
_c1967
300 _a36p.
942 _cTEXL
_h379.111, BEE
999 _c1351915
_d1351915